00000000nam##2200000za#4500
0019.620555
003CaOODSP
00520210615104137
007ta
008150406|2014||||xxc|||||     f|0| 0 eng|d
020 |a978-1-100-25236-0
022 |a0821-8110
040 |aCaOODSP|beng
043 |an-cn---
0861 |aFA1-2014/2-4E
1101 |aCanada. |bOffice of the Auditor General.
24510|aReport of the Auditor General of Canada. Chapter 4, : |bproviding relocation services
260 |aOttawa - Ontario : |bOffice of the Auditor General of Canada
300 |aiii, 18p. ; |c28 cm.
4901 |aReport of the Auditor General of Canada to the House of Commons|x0821-8110|vFall 2014
5203 |aExamined whether the Canadian Armed Forces and the RCMP had fulfilled their responsibilities in managing selected requirements of the 2009 Integrated Relocation Program contract in accordance with the relevant government authorities and terms and conditions of the contract.
563 |aSoftcover
590 |a15-03|b2015-01-16
77508|tRapport du vérificateur général du Canada. Chapitre 4, : |w(CaOODSP)9.629108
7760#|tReport of the Auditor General of Canada. Chapter 4, : |w(CaOODSP)9.581012
830#0|aReport of the Auditor General of Canada to the House of Commons,|x0821-8110|vFall 2014|w(CaOODSP)9.515730